20th century

Bibliographic Details
Main Author: Farina, Violetta (Author)
Format: Book
Language:Czech
English
Hungarian
Polish
PhysicalDescription:329 s. ilustr. 24 cm
Published: Praha Warszawa Budapest Slovart Solis Vince Kiadó c2009
ISBN:9788073913359
Series:Visual encyclopedia of art
Subjects:

MARC

LEADER 00000cam a2200000 a 4500
001 vtls010064241
003 SK-MaSNL
005 20260301131104.0
008 240314s2009 xr a f 000 0dcze
020 |a 9788073913359  |q (viaz.) 
040 |a SNK  |b slo  |c SNK  |e AACR2 
041 0 |a eng  |a cze  |a hun  |a pol 
044 |a xr  |a pl  |a hu  |c CZ  |c PL  |c HU 
072 7 |a 72/76  |x Výtvarné umenie  |2 konspekt 
080 |a 72/76  |2 2001 
080 |a (084.11)  |2 2001 
080 |a 7.036/.038  |2 2001 
100 1 |a Farina, Violetta  |4 aut  |9 479866 
245 1 0 |a 20th century  |c [text and picture research: Violetta Farina] 
246 1 1 |a XX wiek 
246 1 1 |a 20. století 
246 1 1 |a 20. század 
246 3 |a Twentieth century 
260 |a Praha  |b Slovart  |a Warszawa  |b Solis  |a Budapest  |b Vince Kiadó  |c c2009 
300 |a 329 s.  |b ilustr.  |c 24 cm 
490 1 |a Visual encyclopedia of art 
500 |a Na obálke názov: 20. století 
546 |a Súbežný názov a text angl., čes., maď., a poľ. 
648 7 |a 20. stor.  |2 SNKPH  |9 275975 
648 7 |a 20th century  |2 SNKPHeng  |9 277995 
650 0 7 |a moderné umenie  |2 SNKPH  |9 68456 
650 0 7 |a výtvarné umenie  |2 SNKPH  |9 723 
650 0 7 |a Art  |2 SNKPHeng  |9 266209 
650 0 7 |a Modern art  |2 SNKPHeng  |9 294689 
655 7 |a obrazové publikácie  |2 SNKPH  |9 70343 
655 7 |a Pictorial works  |2 SNKPHeng  |9 284468 
830 0 |a Visual encyclopedia of art  |9 410553 
852 |a Štátna vedecká knižnica v Banskej Bystrici 
852 |a Akadémia umení v Banskej Bystrici 
919 |a 978-80-7391-335-9 
999 |c 746749  |d 748679 
952 |t snkART 7.036/.038  |a SNKUST  |b SNKUST  |y PREZ  |7 0  |p 17A0644280  |o snkIC 139033  |i snk2010/19132  |8 3  |g 11.65  |0 0  |1 0  |4 0  |d 2010-09-06  |l 0  |r 2025-05-29 00:00:00  |w 2026-02-23